00282nam a2200121Ia 4500008004100000041001200041082002000053100001700073245001800090260002400108300001000132650001800142231217s9999 xx 000 0 und d aEnglish a793.73 NAR;5  aNarula, Ravi 0aBrain teasers c2004bJaicoaMumbai ax+216 aBrain,teasers